000 00882nam a2200277 a 4500
001 767
003 BR-CuiBMT
005 20231219193149.0
008 231116s1995 spb 001 0 por d
020 _a8520313337
040 _aBR-CuiBMT
_cBR-CuiBMT
080 _a347.922
_22007
090 _a347.922
_bL864a
_c4. ed.
100 1 _aLopes, João Batista
245 1 0 _aAção declaratória /
_cJoão Batista Lopes.
250 _a4. ed., rev. e ampl.
260 _aSão Paulo :
_bRevista dos Tribunais,
_c1995.
300 _a192 p. ;
_c21 cm
490 1 _aColeção estudos de direito de processo ;
_vv. 10
504 _aInclui bibliografia e índice.
650 _aAções cíveis
_vDireito civil
_zBrasil
650 _aAções declaratórias
_xDireito civil
_zBrasil
650 _aDireito processual
_zBrasil
830 0 _aEstudos de direito de processo ;
_v10
942 _2udc
_cLV
999 _c767
_d767